La Favorite de Donizetti [Música impresa] : fantaisie pour piano / par A. Croisez fantaisie pour piano / par A. Croisez
Descripción Física:
[8] p. ; 34 cm
Materias:
Piano, Música per a
MARC
| LEADER | 00000nam a2200000Ia 4500 | ||
|---|---|---|---|
| 001 | 23134 | ||
| 008 | 160829s9999 xx 000 0 cat d | ||
| 080 | |a RF-17-14 | ||
| 100 | |a Croisez, Alexandre |9 45237 | ||
| 245 | |a La Favorite de Donizetti [Música impresa] : |b fantaisie pour piano / par A. Croisez | ||
| 260 | |a Londres, [etc.] : |b Mayence, B. Schott's Söhnje, [s.a.] | ||
| 300 | |a [8] p. ; |c 34 cm | ||
| 590 | |a En mal estat de conservació | ||
| 650 | |a Piano, Música per a |9 44578 | ||
| 856 | 4 | |u https://media.diba.cat/diba/fitxers/arxiu/fulletons/bib_23134_baixa.pdf |y Accés lliure | |
| 856 | 4 | |u https://media.diba.cat/diba/fitxers/arxiu/fulletons/bib_23134_baixa.pdf |y Accés lliure | |
| 901 | |a Arxiu | ||
| 942 | |n 1 |2 udc | ||
| 952 | |0 0 |1 0 |4 0 |6 RF1714 |7 1 |9 52472 |a Arxiu |b Arxiu |d 2016-12-01 |l 0 |o RF-17-14 |p 23134 |r 2016-12-01 00:00:00 |w 2016-12-01 |y ARXIU | ||
| 999 | |c 56320 |d 56320 | ||
| 900 | |a bib_23134_baixa.pdf | ||